| 000 | 00849nam a2200241 i 4500 | ||
|---|---|---|---|
| 001 | 185188 | ||
| 003 | SpMaBN | ||
| 005 | 20231129121204.0 | ||
| 008 | 160405s2015 sp aco |||| |dspa d | ||
| 080 | _a821.134.2-92"19" | ||
| 080 | _a94(460.33 Cieza) | ||
| 100 | 1 |
_aAvellán, Juan José. _9159296 |
|
| 245 | 1 | 0 |
_aMás cosas (1993-2014) / _cJuan José Avellán Semitiel. |
| 260 |
_aCieza, Murcia : _bJ.J. Avellán Semitiel, _c[2015] ( _fImp. Ríos) |
||
| 300 |
_a313 p. : _bil., fot. ; _c23 cm. |
||
| 650 | 0 | 4 |
_aArtículos periodísticos. _910351 |
| 651 | 4 |
_aCieza (Murcia)- _xHistoria. _9159297 |
|
| 852 |
_aES-MaACL _jA-13685 _9192208 _bR.150916 _cDEPO1 _dOlim: N-6685 _hDonación: Juan José Avellan |
||
| 903 |
_9159296 _aAvellán, Juan José _ednr |
||
| 942 |
_2udc _cMONOGRAFIA |
||
| 999 |
_c185188 _d185188 |
||